Capitals of Countries that Begin with U - Statistics

General Stats
  • This quiz has been taken 113 times
  • The average score is 6 of 7
Answer Stats
Hint Answer % Correct
United States of America Washington, D.C.
99%
United Kingdom London
98%
United Arab Emirates Abu Dhabi
97%
Uruguay Montevideo
94%
Ukraine Kyiv
87%
Uganda Kampala
80%
Uzbekistan Tashkent
79%
No matching quizzes found
Score Distribution
Percent of People with Each Score
Percentile by Number Answered
Your Score History
You have not taken this quiz